| 000 | 01180nam a2200205 a 4500 | ||
|---|---|---|---|
| 001 | 48154 | ||
| 005 | 20180714032350.0 | ||
| 008 | 140415s1969 mx 000 0 spa d | ||
| 041 | _aspa | ||
| 082 |
_a726.50288 _bDIA |
||
| 100 | 1 | _aDIAZ-BERRIO, SALVADOR | |
| 245 | 1 | 3 |
_aEL TEMPLO DE LA COMPAÑIA DE JESUS EN GUANAJUATO : _bPROYECTO DE RESTAURACION |
| 250 | _a1a ed. | ||
| 260 |
_aMEXICO : _bUNIVERSIDAD DE GUANAJUATO, _c1969 |
||
| 300 |
_a1178 _c24 x 1.8 x 29.2 |
||
| 490 | _aENCICLOPEDIA DE LOS MUNICIPIOS DE MEXICO(COL.PUEBL | ||
| 520 | _aHEMOS CONSIDERADO COMO UNA FINALIDAD PROMORDIAL DE LAS PRÁCTICAS DE ESTUDIOS QUE REALIZAN LOS ESTUDIANTES DE LA UNIVERSIDAD DE GUANAJUATO, TRATAR DE SATISFACER REQUERIMIENTOS DE LA COLECTIVIDAD GUANAJUATENSE. POR ELLO NUESTRA CASA DE ESTUDIOS HA ESTIMULADO LA ACCIÓN DE MAESTROS Y ALUMNOS QUE SE ORIENTEN A CONOCER LOS VALORS EXISTENTES EN EL ESTADO Y FORMULEN PROYECTOS PARA LLEVAR A CABO OBRAS DE SERVICIO SOCIAL, TODO ELLO DENTRO DE LOS PLANES DE ENSEÑANZA QUE SE IMPARTEN EN LAS DISTINT | ||
| 650 | 1 | 4 |
_aARQUITECTURA RELIGIOSA _xGUANAJUATO(CIUDAD) _xJESUITAS _xMEXICO |
| 700 | 1 |
_aVILLEGAS, VICTOR MANUEL _ecoaut. |
|
| 999 |
_c48154 _d48154 |
||